000 00624nam a2200229Ia 4500
003 OSt
005 20220928104648.0
006 a|||||r|||| 00| 0
007 ta
008 220927b |||||||| |||| 00| 0 eng d
024 _a63270
037 _cTextual
040 _aSDCL
_cSDCL
_beng
041 _2eng
_aeng
082 _aR3xL24,PRx, K6
100 _aStrawson P F
245 0 _aBounds of sense
_b An essay on kant's critique of pure reason.
260 _aLondon
_bMethuen
_c1966
300 _a296p.
_ccm.
942 _hR3xL24,PRx, K6
_cTEXL
_2CC
999 _c727180
_d727180